000 00466nam a22001697a 4500
003 CEME
005 20210628203326.0
008 210127b xxu||||| |||| 00| 0 eng d
040 _c.
082 _a954.91 PAK
100 _aAbdul Salam. Dr:Shahzad Ahmed
_964737
245 _aPakistan science ,taleem and mashiat;ideals and realities
260 _aLAHORE
_bTAKHLEEQAT
_c2003
300 _a480P
650 _aPAKISTAN-ECONOMIC CONDITIONS
_946438
942 _cBK
_2ddc
999 _c573143
_d573143